Bizet: su vida, su obra, su época
Збережено в:
| Автор: | |
|---|---|
| Формат: | Книга |
| Мова: | Іспанська |
| Опубліковано: |
Buenos Aires
Claridad
1947
|
| Серія: | Biblioteca Musical, 6
|
| Предмети: | |
| Теги: |
Додати тег
Немає тегів, Будьте першим, хто поставить тег для цього запису!
|
MARC
| LEADER | 00000nam a2200000 a 4500 | ||
|---|---|---|---|
| 001 | UCN1221 | ||
| 003 | CL-VaPUC | ||
| 008 | 010420e19470000AG |||||||||||||||||spa|d | ||
| 082 | 0 | 4 | |a 780.92 |b STE |2 21 |
| 100 | 0 | |a Stefan, Paul |e author |9 456679 | |
| 245 | 1 | 0 | |a Bizet: su vida, su obra, su época |
| 300 | |a 259 p | ||
| 942 | |c BK | ||
| 945 | |d 20010420 00:00:00 |a crobeson | ||
| 260 | |a Buenos Aires |b Claridad |c 1947 | ||
| 600 | 0 | |a Bizet, Georges |9 306283 | |
| 650 | 0 | |a Compositores franceses |9 328980 | |
| 650 | 0 | |a Ópera francesa |9 306298 | |
| 583 | |a last modification |c 20010420 00:00:00 |k Rodrigo Vera | ||
| 490 | 0 | |a Biblioteca Musical, 6 | |
| 999 | |c 294796 |d 294794 | ||
| 952 | |0 0 |1 0 |4 0 |6 780_920000000000000_STE_1947 |7 0 |8 A |9 347525 |a BIBEDU |b BIBEDU |d 2019-11-20 |i 1249517 |o 780.92 STE 1947 |p 1249517 |r 2023-01-12 |w 2019-11-20 |y BK |k MUS | ||